[Event "Noteboom Mem"]
[Site "Leiden NED"]
[Date "2010.02.14"]
[Round "5"]
[White "Rens,C"]
[Black "Edeling,J"]
[Result "1/2-1/2"]
[WhiteElo "2041"]
[BlackElo "2123"]

1.e4 g6 2.d4 Bg7 3.Nc3 d6 4.f4 Nf6 5.Nf3 c5 6.dxc5 Qa5 7.Bd3 Qxc5 8.Qe2 O-O
9.Be3 Qa5 10.O-O Bg4 11.a3 Nc6 12.Rad1 Nd7 13.Qe1 Bxf3 14.Rxf3 Qd8 15.Bb5 a6
16.Ba4 b5 17.Bb3 Na5 18.Rh3 Re8 19.Qh4 Nf8 20.Bd5 Rc8 21.e5 e6 22.Qxd8 Rexd8
23.Bb6 exd5 24.Bxa5 Rd7 25.exd6 d4 26.Nd5 Rxc2 27.Bc7 Ne6 28.Nb6 Rdxc7 29.dxc7 Nxc7
30.Nd7 Nd5 31.Re1 Ne3 32.Kh1 f5 33.b4 Nxg2 34.Rf1 Ne3 35.Re1 Rc3 36.Ra1 Nc2
37.Rxc3 dxc3 38.Rc1 Nxa3 39.Ne5 Bxe5 40.fxe5 c2 41.Kg2 Kf7 42.Kf3 Ke6 43.Ke3 Kxe5
44.Kd2 f4 45.Ra1 Nc4+ 46.Kxc2 f3 47.Kd3 Kf4 48.Rxa6 Ne5+ 49.Kd2 h5 50.Ke1 g5
51.Rb6 Nd3+ 52.Kf1 Nxb4 53.Rxb5 Nd3 54.Ra5 g4 55.Rxh5 Nc1 56.Rh8  1/2-1/2

[Event "TCh-Eur Seniors"]
[Site "Dresden GER"]
[Date "2010.02.15"]
[Round "6"]
[White "Walther,D"]
[Black "Bennett,P"]
[Result "0-1"]
[WhiteElo "2154"]
[BlackElo "2087"]

1.d4 g6 2.e4 Bg7 3.Nc3 d6 4.Be3 a6 5.h3 b5 6.Nf3 Nd7 7.Qd2 c5 8.Rd1 Bb7 9.dxc5 Nxc5
10.Bd3 Rc8 11.O-O Nf6 12.Rfe1 O-O 13.Bh6 b4 14.Bxg7 Kxg7 15.Nd5 Nxd5 16.exd5 Bxd5
17.Nh2 Nxd3 18.cxd3 a5 19.Ng4 Bxa2 20.Qh6+ Kh8 21.Re3 f5 22.Nh2 Bd5 23.d4 Rf7
24.Rde1 Rc7 25.f4 Qg8 26.Nf3 Bxf3 27.gxf3 Qg7 28.Qxg7+ Kxg7 29.Ra1 Ra7 30.b3 Rf8
31.Rc1 Rb8 32.Kf2 Kf7 33.d5 Rb5 34.Rd3 Rc5 35.Ra1 Rb7 36.Re1 Rc3 37.Ree3 Rbc7
38.Ke2 Rc2+ 39.Rd2 Ke8 40.h4 R7c5 41.Rd3 Kd7 42.Ke3 R5c3 43.Kd4 Rxd2 44.Rxd2 Rxb3  0-1

[Event "Uxbridge Int Fischer"]
[Site "Uxbridge ENG"]
[Date "2010.02.15"]
[Round "4"]
[White "Lewis,AnM"]
[Black "Jaunooby,A"]
[Result "1/2-1/2"]
[WhiteElo "2066"]
[BlackElo "2171"]

1.d4 g6 2.e4 Bg7 3.Nc3 d6 4.Be3 f5 5.f3 Nf6 6.e5 Nfd7 7.f4 c5 8.e6 Nf6 9.d5 Ng4
10.Bb5+ Kf8 11.Qd2 Qa5 12.Be2 Nxe3 13.Qxe3 Na6 14.Bxa6 bxa6 15.Ne2 Rb8 16.Rb1 Rb4
17.Qd2 Rd4 18.Nxd4 cxd4 19.b4 Qa3 20.Rb3 dxc3 21.Rxa3 cxd2+ 22.Kxd2 Bh6 23.g3 g5
24.fxg5 Bxg5+ 25.Ke2 Kg7 26.Rf3 Kg6 27.Rhf1 a5 28.b5 a6 29.a4 Bb7 30.c4 axb5
31.axb5 Bf6 32.Kd3 a4 33.Rxf5 Bb2 34.Rf8 a3 35.Kc2 Rxf8 36.Rxf8 Bg7 37.Rg8 a2
38.Rxg7+ Kxg7 39.Kb2 Kf6 40.Kxa2 Ke5 41.Kb3 Kd4 42.g4 Ke4 43.Kc3 Bc8 44.b6 Bb7
45.h4 Ba8 46.g5 Kf5 47.Kd4 Bb7 48.h5 Kxg5 49.c5 dxc5+ 50.Ke5 c4 51.d6 exd6+
52.Kxd6 c3 53.e7 c2 54.e8=Q c1=Q 55.Qe7+ Kxh5 56.Qxb7 Qf4+ 57.Kc6 Qe4+ 58.Kc7 Qe5+
59.Kc8 Qe8+ 60.Kc7 Qe5+ 61.Kd8 Qd6+ 62.Kc8  1/2-1/2

[Event "Uxbridge Int Tal"]
[Site "Uxbridge ENG"]
[Date "2010.02.15"]
[Round "4"]
[White "Higgs,A"]
[Black "McKenna,Jas"]
[Result "1/2-1/2"]
[WhiteElo "1962"]
[BlackElo "2147"]

1.e4 g6 2.d4 Bg7 3.Nc3 d6 4.Be2 Nf6 5.Be3 c6 6.Qd2 b5 7.f3 Nbd7 8.Nd1 a6
9.Nf2 Nb6 10.Ngh3 Qc7 11.O-O O-O 12.c3 e5 13.Bh6 Re8 14.Bxg7 Kxg7 15.dxe5 dxe5
16.Ng4 Bxg4 17.fxg4 Nxe4 18.Qe3 Nf6 19.Qf2 Nbd5 20.Qh4 Rad8 21.Rae1 e4 22.b3 Qe5
23.c4 Ne3 24.g5 Ng8 25.Rf4 Rd2 26.Nf2 Rxe2 27.Rxe2 Qa1+ 28.Nd1 Qxd1+ 29.Qe1 Qxe1+
30.Rxe1 Nf5 31.Rfxe4 Rd8 32.Re8  1/2-1/2

[Event "Uxbridge Int Tal"]
[Site "Uxbridge ENG"]
[Date "2010.02.15"]
[Round "5"]
[White "Ociepka,A"]
[Black "Turner,David"]
[Result "1-0"]
[WhiteElo "2120"]
[BlackElo "1839"]

1.e4 g6 2.d4 Bg7 3.Nc3 d6 4.f4 c6 5.Nf3 e6 6.Be3 Ne7 7.Bd3 O-O 8.Qd2 Qa5
9.g4 f5 10.gxf5 exf5 11.e5 d5 12.h4 h5 13.Rg1 Nd7 14.a3 Qd8 15.Ng5 Nb6 16.b3 Bd7
17.a4 Bh6 18.Qg2 Bxg5 19.Qxg5 Kh7 20.Be2 Be8 21.Bxh5 Rg8 22.Bf3 Nd7 23.Bc1 Rg7
24.a5 a6 25.Kf2 Nf8 26.Ke3 Ng8 27.h5 Ne6 28.hxg6+ Bxg6 29.Rh1+  1-0

[Event "TCh-Eur Seniors"]
[Site "Dresden GER"]
[Date "2010.02.16"]
[Round "7"]
[White "James,GH"]
[Black "Olesen,P"]
[Result "1-0"]
[WhiteElo "2203"]
[BlackElo "2082"]

1.e4 g6 2.d4 Bg7 3.Nc3 d6 4.Be3 Nf6 5.f3 O-O 6.Bc4 c6 7.Bb3 e5 8.dxe5 dxe5
9.Qe2 Re8 10.Qf2 Qa5 11.Ne2 Bf8 12.Qh4 Nfd7 13.O-O Qd8 14.Bg5 Qb6+ 15.Kh1 Bg7
16.f4 Nf8 17.f5 gxf5 18.exf5 Qc7 19.Ne4 Nbd7 20.Qh5 Nb6 21.Nf6+ Bxf6 22.Bxf6  1-0

[Event "Uxbridge Int Tal"]
[Site "Uxbridge ENG"]
[Date "2010.02.16"]
[Round "7"]
[White "Tart,P"]
[Black "Turner,David"]
[Result "1/2-1/2"]
[WhiteElo "2078"]
[BlackElo "1839"]

1.e4 g6 2.d4 Bg7 3.Nc3 d6 4.Be3 Nf6 5.Nf3 O-O 6.Qd2 Ng4 7.Bg5 Re8 8.h3 Nf6
9.O-O-O c6 10.Bd3 e5 11.dxe5 dxe5 12.Bh6 Qe7 13.Ne2 b5 14.g4 Be6 15.Kb1 Nbd7
16.Ng3 Nc5 17.Rhg1 Rad8 18.Bxg7 Kxg7 19.Ng5 Qf8 20.Nxe6+ Rxe6 21.Qg5 Kh8  1/2-1/2

[Event "TCh-Eur Seniors"]
[Site "Dresden GER"]
[Date "2010.02.17"]
[Round "8"]
[White "Rozov,B"]
[Black "Hjertenes,O"]
[Result "0-1"]
[WhiteElo "2174"]
[BlackElo "2201"]

1.d4 g6 2.e4 Bg7 3.Nc3 d6 4.Bf4 c6 5.Nf3 Nf6 6.Qd2 O-O 7.Bh6 Qc7 8.Bxg7 Kxg7
9.O-O-O e5 10.Nh4 h6 11.f4 exf4 12.Qxf4 Qe7 13.Bd3 Ng4 14.Qg3 Qg5+ 15.Rd2 Nf6
16.Qe1 Qa5 17.Qg3 Qg5 18.Qf2 Be6 19.Re1 Nbd7 20.d5 cxd5 21.exd5 Bxd5 22.Bb5 Nb6
23.Nf3 Bxf3 24.Qxf3 a6 25.Bd3 d5 26.Rd1 Rfe8 27.Kb1 Re3 28.h4 Qe5 29.Qf1 Re8
30.Be2 Ne4 31.Nxe4 Rxe4 32.Bd3 Nc4 33.Bxc4 dxc4 34.c3 Re1 35.Qxc4 Rxd1+ 36.Rxd1 Qe4+
37.Qxe4 Rxe4 38.g3 Re3 39.Rd7 Rxg3 40.Rxb7 Rg4 41.Ra7 Rxh4 42.Rxa6 f5 43.Rd6 f4
44.b4 f3 45.Rd1 Rf4 46.b5 g5 47.Kc2 g4 48.b6 f2 49.b7 Rf8  0-1

[Event "Uxbridge Int Fischer"]
[Site "Uxbridge ENG"]
[Date "2010.02.17"]
[Round "8"]
[White "Josse,Mar"]
[Black "Jaunooby,A"]
[Result "1-0"]
[WhiteElo "2064"]
[BlackElo "2171"]

1.e4 g6 2.d4 Bg7 3.Nc3 d6 4.Be3 a6 5.Qd2 b5 6.h4 h6 7.O-O-O Bb7 8.Bd3 Nd7
9.f4 c5 10.dxc5 Nxc5 11.Bxc5 dxc5 12.e5 b4 13.Ne4 Qa5 14.Qe2 Qxa2 15.Nxc5 Bc6
16.Nb3 Rc8 17.Bxa6 Rb8 18.Rh3 e6 19.Rd6 Bd5 20.h5 Ne7 21.Bb5+ Kf8 22.Ra6 Bxb3
23.Rxb3 Qxb3 24.cxb3 g5 25.g3 Nf5 26.Qf2 Kg8 27.Bd3 gxf4 28.gxf4 Kh7 29.Qc2 Rhc8
30.Rc6 Rxc6 31.Qxc6 Kg8 32.Bxf5 exf5 33.Nf3 Rd8 34.Nh4 Rd4 35.Qc8+ Bf8 36.Qxf5 Be7
37.e6 Rxf4 38.exf7+  1-0

[Event "Uxbridge Int Alekhine"]
[Site "Uxbridge ENG"]
[Date "2010.02.17"]
[Round "8"]
[White "Venkataramanan,T"]
[Black "Shoker,S"]
[Result "1-0"]
[WhiteElo "2302"]
[BlackElo "2485"]

1.e4 g6 2.d4 Bg7 3.Nc3 d6 4.f4 a6 5.a4 Nc6 6.d5 Nd4 7.Be3 e5 8.dxe6 Nxe6
9.Nf3 Nf6 10.f5 gxf5 11.exf5 Nc5 12.Bxc5 Qe7+ 13.Qe2 Qxe2+ 14.Bxe2 dxc5 15.Bd3 c4
16.Bxc4 Bxf5 17.Nd4 Bg6 18.O-O O-O-O 19.Nf5 Bf8 20.Rae1 Bc5+ 21.Kh1 Ng4 22.Ne4 Ba7
23.Bxf7 Kb8 24.h3 Bxf5 25.Rxf5 Ne3 26.Rf2 Rhf8 27.Bb3 Rxf2 28.Nxf2 Nf5 29.Ne4 Re8
30.Rf1 Ne3 31.Rf7 Rd8 32.Nf2 h5 33.g4 hxg4 34.Nxg4 Rd1+ 35.Kh2 Nxg4+ 36.hxg4 Bd4
37.g5 Bxb2 38.Kh3 Rg1 39.Kh4 Bc1 40.Rf5 Ka7 41.Kh5 Bd2 42.Kg6 Kb6 43.Kf6 c5
44.g6 Rg4 45.Kf7 c4 46.g7 cxb3 47.cxb3 Rxg7+ 48.Kxg7 Kc6 49.Kf7 b5 50.axb5+ axb5
51.Ke6 Kb6 52.Kd5 Bc3 53.Rg5 Bd2 54.Rg6+ Ka5 55.Rg2 Bc3 56.Kc5 Bb4+ 57.Kc6 Be7
58.Re2 Bf6 59.Rf2 Bc3 60.Rf5 Kb4 61.Rxb5+ Ka3 62.Kc5  1-0

[Event "TCh-NED 2009-10"]
[Site "Netherlands NED"]
[Date "2010.02.20"]
[Round "5"]
[White "Abeln,M"]
[Black "Wustefeld,C"]
[Result "1-0"]
[WhiteElo "2334"]
[BlackElo "2256"]

1.d4 g6 2.e4 Bg7 3.Nc3 d6 4.Be3 c6 5.h3 b5 6.g4 Nd7 7.Bg2 Nb6 8.b3 Bb7 9.Qd2 a6
10.Nge2 Nf6 11.Ng3 Qc7 12.f4 h5 13.g5 Nfd7 14.Rd1 h4 15.Nf1 Rc8 16.Nh2 c5
17.d5 b4 18.Ne2 a5 19.O-O Ba6 20.Rfe1 Bxe2 21.Qxe2 Bc3 22.Rf1 a4 23.Ng4 axb3
24.axb3 Ra8 25.e5 Ra5 26.exd6 Qxd6 27.f5 c4 28.bxc4 Ne5 29.c5 Rxc5 30.Bxc5 Qxc5+
31.Kh1 Nbd7 32.fxg6 fxg6 33.Qa6 Kd8 34.Nxe5 Bxe5 35.Qxg6 Bd6 36.Ra1 Qc3 37.Ra8+ Kc7
38.Ra7+ Kd8 39.Qf5 Bc7 40.d6 exd6 41.g6 Re8 42.Qg5+ Re7 43.Rxc7  1-0

[Event "NordWest-Cup"]
[Site "Bad Zwischenahn GER"]
[Date "2010.02.21"]
[Round "6"]
[White "Tchetchelniski,M"]
[Black "Meins,G"]
[Result "1/2-1/2"]
[WhiteElo "2179"]
[BlackElo "2477"]

1.d4 g6 2.e4 Bg7 3.Nc3 d6 4.g3 Nf6 5.Bg2 O-O 6.Nge2 c6 7.O-O e5 8.h3 Na6
9.Be3 Qe7 10.Qd2 Nc7 11.a3 Re8 12.Rae1 b6 13.f4 Bb7 14.dxe5 dxe5 15.f5 Rad8
16.Qc1 gxf5 17.Rxf5 Bc8 18.Rf2 Ne6 19.Ref1 Rf8 20.g4 Ne8 21.Ng3 Nf4 22.Nce2 Nxe2+
23.Rxe2 Nd6 24.c4 b5 25.cxb5 cxb5 26.Nh5 Qe6 27.Ref2 Qc4 28.Nxg7 Qxc1 29.Rxc1 Kxg7
30.Bxa7 Be6 31.Bc5 Rfe8 32.Rd1 Nc4 33.Rxd8 Rxd8 34.b3 Rd1+ 35.Rf1 Rxf1+ 36.Bxf1 Nd2
37.Bxb5 Bxb3 38.a4 Nxe4 39.Bb4 Ng5 40.Kh2 Bd5 41.a5 Nf3+ 42.Kg3 Nd4 43.Bf1 f5
44.gxf5 Nxf5+ 45.Kf2 Kf6 46.Bc5 Ke6 47.a6 e4 48.Be2 Ke5 49.Bg4 Bc4 50.a7 Bd5
51.Bxf5 Kxf5  1/2-1/2

[Event "18th Fajr Open"]
[Site "Mashhad IRI"]
[Date "2010.02.21"]
[Round "3"]
[White "Mosadeghpoor,M"]
[Black "Ahmadinia,E"]
[Result "0-1"]
[WhiteElo "2096"]
[BlackElo "2343"]

1.e4 g6 2.d4 Bg7 3.Nc3 d6 4.Nf3 a6 5.Bc4 e6 6.O-O Ne7 7.a4 b6 8.Qe2 Nd7 9.Be3 h6
10.Rad1 Bb7 11.Ne1 O-O 12.f4 d5 13.Bd3 c5 14.Qf2 c4 15.Be2 dxe4 16.Bxc4 Rc8
17.Qe2 Nf5 18.Bb3 Nf6 19.Bf2 e3 20.Bg3 Nh5 21.Qg4 e2 22.Qxe2 Nhxg3 23.hxg3 Nxg3
24.Qf2 Qh4 25.Qe3 Qh1+  0-1

[Event "18th Fajr Open"]
[Site "Mashhad IRI"]
[Date "2010.02.22"]
[Round "5"]
[White "Abbasifar,H"]
[Black "Dzhumaev,M"]
[Result "1/2-1/2"]
[WhiteElo "2333"]
[BlackElo "2515"]

1.e4 g6 2.d4 Bg7 3.Nc3 d6 4.Be3 Nd7 5.Qd2 c6 6.h4 Ngf6 7.f3 b5 8.g4 Bb7 9.h5 a6
10.Nge2 e5 11.Ng3 exd4 12.Bxd4 c5 13.Be3 Ne5 14.Be2 b4 15.Nd1 Qe7 16.a3 a5
17.axb4 axb4 18.Rxa8+ Bxa8 19.c3 b3 20.Nf2 Nfd7 21.f4 Nc6 22.O-O Kd8 23.Qd1 Kc7
24.Qxb3 Rb8 25.Qc2 d5 26.Nd1 Na5 27.b4 Nc4 28.Bxc4 dxc4 29.Qa2 cxb4 30.Qxc4+ Bc6
31.cxb4 Rxb4 32.Qa6 Ra4 33.Qe2 Qa3 34.hxg6 hxg6 35.Nf2 f5 36.Rc1  1/2-1/2

[Event "Angora GM Schev"]
[Site "Ankara TUR"]
[Date "2010.02.23"]
[Round "4"]
[White "Esen,B"]
[Black "Gofshtein,L"]
[Result "1-0"]
[WhiteElo "2513"]
[BlackElo "2540"]

1.d4 g6 2.e4 Bg7 3.Nc3 d6 4.g3 Nc6 5.d5 Ne5 6.f4 Bg4 7.Be2 Bxe2 8.Ngxe2 Nd7
9.Be3 Ngf6 10.Nd4 c5 11.dxc6 bxc6 12.Qf3 Rc8 13.O-O-O Qc7 14.g4 c5 15.Nde2 Nb6
16.h4 h5 17.gxh5 Nxh5 18.b3 Qc6 19.Rhg1 Nd7 20.Kb1 Nhf6 21.Bc1 Rxh4 22.Bb2 e6
23.Qf2 Rg4 24.Rh1 Ke7 25.Rh3 Rh8 26.Rhd3 Ne8 27.e5 Rh1 28.Nd5+ exd5 29.Rxh1 d4
30.exd6+ Nxd6 31.Rg1 Ne4 32.Qe1 Rxg1 33.Qxg1 f5 34.Nxd4 cxd4 35.Bxd4 Bxd4
36.Qxd4 a6 37.a4 Nef6 38.Rc3 Qd5 39.Qa7 Qd6 40.a5 Qb4 41.Re3+ Kf7 42.Qxa6 Qxf4
43.Qe6+ Kg7 44.a6 Qd4 45.Rd3 Qg1+ 46.Kb2 Qa7 47.b4 Nb6 48.Rd6 Nbd7 49.b5 Qc5
50.Rxd7+ Nxd7 51.Qxd7+ Kh6 52.Kb3 Qe3+ 53.c3 f4 54.a7 Qe4 55.b6 f3 56.Qc8 f2
57.Qh3+ Kg7 58.Qd7+ Kf6 59.Qd8+ Kg7 60.a8=Q Qb1+ 61.Ka3 Qa1+ 62.Kb3 Qb1+
63.Ka3 Qa1+ 64.Kb4 Qb2+ 65.Kc5 Qxc3+ 66.Kd6 Qg3+ 67.Ke7 Qe5+ 68.Kd7 Qf5+
69.Kc7 Qf4+ 70.Kb7 Qf7+ 71.Kc6 Qf3+ 72.Kd6 Qf4+ 73.Kd7 Qf5+ 74.Kd6 Qf4+ 75.Kc6 Qf3+
76.Qd5 f1=Q 77.Qg8+  1-0

[Event "18th Fajr Open"]
[Site "Mashhad IRI"]
[Date "2010.02.23"]
[Round "6"]
[White "Babujian,L"]
[Black "Mahjoob,M"]
[Result "1/2-1/2"]
[WhiteElo "2497"]
[BlackElo "2512"]

1.d4 g6 2.e4 Bg7 3.Nc3 d6 4.Nf3 c6 5.Be3 Nf6 6.Qd2 O-O 7.O-O-O b5 8.Bd3 b4
9.Ne2 Ng4 10.Qxb4 Nxe3 11.fxe3 c5 12.dxc5 dxc5 13.Qxc5 Nd7 14.Qa3 Rb8 15.Nfd4 Qb6
16.Nc3 e6 17.Na4 Qb7 18.Rhe1 Ne5 19.Nc5 Qc7 20.Bf1 Qe7 21.c3 Rb6 22.Nb5 a6
23.Na4 Qxa3 24.Nxa3 Rc6 25.Nc2 Rc7 26.Rd6 Bb7 27.Nb4 a5 28.Na6 Rc6 29.Rxc6 Bxc6
30.N6c5 Rb8 31.a3 Bf8 32.h3 Nd7 33.b4 Nxc5 34.Nxc5 Bxc5 35.bxc5 Bxe4 36.Rd1 e5
37.a4 Rc8 38.c4 Rxc5 39.Rd8+ Kg7 40.Rb8 Bc6 41.Rc8 Kf6 42.g4 Ke6 43.Rc7 f6
44.h4 h5 45.gxh5 gxh5 46.Kb2 Kd6 47.Rh7 e4 48.Be2 Rf5 49.Kc3 Rf2 50.Bxh5 Bxa4
51.Ra7 Rc2+ 52.Kd4 Bc6 53.Ra6 Rd2+ 54.Kc3 Rd3+ 55.Kc2 Kc5 56.Rxa5+ Kb4 57.Ra6 Ba4+
58.Kc1 f5 59.Be2 Rxe3 60.Kd2 Rh3 61.Rf6 Ra3 62.Re6 Rh3 63.h5 Bd7 64.Re5 Rh2
65.Ke3 f4+ 66.Kxf4 Rxe2 67.Rxe4  1/2-1/2

[Event "18th Fajr Open"]
[Site "Mashhad IRI"]
[Date "2010.02.23"]
[Round "6"]
[White "Darini,P"]
[Black "Abbasov,F"]
[Result "1/2-1/2"]
[WhiteElo "2401"]
[BlackElo "2553"]

1.e4 g6 2.d4 Bg7 3.Nc3 d6 4.Be3 a6 5.Nf3 Nd7 6.Qd2 b5 7.Bd3 Bb7 8.a4 b4 9.Ne2 Rb8
10.Ng3 a5 11.h4 h5 12.Ng5 Ngf6 13.f4 Ng4 14.f5 gxf5 15.Nxf5 Bf6 16.O-O e6
17.e5 dxe5 18.Ng7+  1/2-1/2

[Event "18th Fajr Open"]
[Site "Mashhad IRI"]
[Date "2010.02.25"]
[Round "9"]
[White "Pajoum Tajani,F"]
[Black "Boori,J"]
[Result "0-1"]
[WhiteElo "1933"]
[BlackElo "2116"]

1.e4 d6 2.d4 g6 3.Nc3 Bg7 4.Nf3 Nf6 5.Be2 c6 6.O-O O-O 7.h3 Nbd7 8.Bf4 Qa5
9.Bh2 e5 10.dxe5 dxe5 11.Qc1 Re8 12.a3 Qc7 13.Rd1 a5 14.Qe3 Nh5 15.Ng5 h6
16.Nf3 Nf4 17.Bf1 g5 18.g3 Ne6 19.Ne2 Ndc5 20.b4 Na4 21.Qb3 b5 22.c3 Nb6
23.Nc1 axb4 24.cxb4 Nd4 25.Nxd4 exd4 26.Qd3 Nc4 27.Ra2 Be6 28.Nb3 Qb8 29.g4 Ne5
30.Bxe5 Qxe5 31.Bg2 Qf4 32.Rb1 Be5 33.Qg3 Qxg3 34.fxg3 Re7 35.Rd2 Rd8 36.Nc5 Bc4
37.Nd3 Bxg3 38.Rbd1 f6 39.Nc5 Bf4 40.Rb2 Ra7 41.Rdb1 d3 42.Bf3 Be5 43.Rd2 Rxa3
44.Rbd1 Bc3 45.Rg2 Bxb4 46.Nb7 Rc8 47.Rb1 Be7 48.e5 fxe5 49.Be4 Rc7  0-1

[Event "Reykjavik Open"]
[Site "Reykjavik ISL"]
[Date "2010.02.28"]
[Round "6"]
[White "Steil Antoni,F"]
[Black "Hillarp Persson,T"]
[Result "0-1"]
[WhiteElo "2198"]
[BlackElo "2581"]

1.e4 g6 2.d4 Bg7 3.Nc3 d6 4.Be3 a6 5.a4 b6 6.Bc4 e6 7.Qd2 h6 8.Nf3 Bb7 9.h3 Ne7
10.O-O Nd7 11.Rad1 Nf6 12.Bd3 Qd7 13.Rfe1 Rd8 14.Qe2 Qc8 15.Qd2 Qa8 16.Bf4 Nd7
17.Bf1 Kf8 18.Bd3 Kg8 19.h4 Nf6 20.Bh2 Kh7 21.Qe2 Rhf8 22.Nb1 Kg8 23.c3 c5
24.Bc2 cxd4 25.Nxd4 e5 26.Nf3 Rfe8 27.Na3 Qb8 28.Rd2 Qc7 29.Red1 Nc6 30.Nc4 Bf8
31.Ne3 Nb8 32.Nd5 Bxd5 33.exd5 Qb7 34.Ne1 Nbd7 35.Qf3 h5 36.Qd3 b5 37.axb5 axb5
38.Bb3 Ng4 39.Re2 Nc5 40.Qc2 e4 41.Ba2 Nxh2 42.Kxh2 b4 43.Bb1 Bg7 44.Qd2 bxc3
45.bxc3 Na4 46.c4 Nc3  0-1

[Event "48th XtraCon TCh-DEN 2009-10"]
[Site "Denmark DEN"]
[Date "2010.03.01"]
[Round "4"]
[White "Wiwe,A"]
[Black "Pedersen,Sven1"]
[Result "1-0"]
[WhiteElo "2239"]
[BlackElo "2253"]

1.e4 d6 2.d4 g6 3.Nc3 Bg7 4.f4 c6 5.Nf3 b5 6.Bd3 a6 7.a4 Bb7 8.e5 Nd7 9.Ne4 Qc7
10.O-O Nh6 11.Neg5 Nf8 12.Qe2 O-O-O 13.axb5 axb5 14.Bd2 Qd7 15.c4 bxc4 16.Bxc4 d5
17.Ba6 f6 18.e6 Qc7 19.Ba5 Bxa6 20.Qxa6+ Qb7 21.Qxb7+ Kxb7 22.Bxd8 fxg5 23.Bxe7 Nxe6
24.fxg5 Ng4 25.Rfe1 Nxd4 26.Bc5  1-0

[Event "48th XtraCon TCh-DEN 2009-10"]
[Site "Denmark DEN"]
[Date "2010.03.01"]
[Round "5"]
[White "Andreasen,P"]
[Black "Hoi,C"]
[Result "0-1"]
[WhiteElo "2230"]
[BlackElo "2393"]

1.e4 g6 2.d4 Bg7 3.Nc3 d6 4.Be3 c6 5.Qd2 b5 6.Nf3 Nd7 7.Be2 b4 8.Na4 Rb8
9.O-O Ngf6 10.e5 Nd5 11.exd6 exd6 12.Bg5 N7f6 13.c4 bxc3 14.Nxc3 Be6 15.Bc4 h6
16.Nxd5 cxd5 17.Bxf6 Qxf6 18.Bb3 O-O 19.Rfe1 g5 20.Re2 Rb5 21.Rd1 Rfb8 22.Ne1 Bg4
23.f3 Be6 24.Nc2 h5 25.Qc3 Qf4 26.Qe3 Qxe3+ 27.Nxe3 a5 28.g4 hxg4 29.fxg4 Ra8
30.h3 a4 31.Bc2 Rb4 32.Red2 Kf8 33.b3 a3 34.Bb1 Rbb8 35.Rc1 Rc8 36.Rxc8+ Rxc8
37.Nc2 f5 38.gxf5 Bd7 39.Kg2 Ke7 40.Ne3 Rc1 41.Nxd5+ Kf7 42.Be4 Bc6 43.Kf3 Rf1+
44.Ke2 Rc1 45.Kf3 Rf1+ 46.Kg4 Rg1+ 47.Rg2 Re1 48.Bf3 Bxd4 49.Kxg5 Re5 50.Bh5+ Kf8
51.Rc2 Bxd5  0-1

[Event "48th XtraCon TCh-DEN 2009-10"]
[Site "Denmark DEN"]
[Date "2010.03.02"]
[Round "7"]
[White "Hjorth,T"]
[Black "Andreasen,P"]
[Result "0-1"]
[WhiteElo "2165"]
[BlackElo "2230"]

1.e4 g6 2.d4 Bg7 3.Nc3 d6 4.Be3 a6 5.f4 b5 6.Nf3 Bb7 7.Bd3 Nf6 8.a3 Nbd7
9.h3 c5 10.e5 Nh5 11.O-O cxd4 12.e6 dxe3 13.exd7+ Qxd7 14.f5 Ng3 15.fxg6 hxg6
16.Re1 Nf5 17.Bxf5 Qxf5 18.Rxe3 Qc5 19.Kf2 Bh6 20.Qd3 Qxe3+ 21.Qxe3 Bxe3+
22.Kxe3 Bxf3 23.Kxf3 Rc8 24.Re1 Rh5 25.Re2 Kd7 26.Rd2 Rhc5 27.Ke2 Rxc3 28.bxc3 Rxc3
29.a4 bxa4 30.Kd1 a3 31.Kc1 e5 32.Rd5 f5 33.Kb1 a2+  0-1

[Event "48th XtraCon TCh-DEN 2009-10"]
[Site "Denmark DEN"]
[Date "2010.03.03"]
[Round "9"]
[White "Nohr,F"]
[Black "Pedersen,Sven1"]
[Result "1/2-1/2"]
[WhiteElo "2079"]
[BlackElo "2253"]

1.e4 g6 2.d4 Bg7 3.Nc3 d6 4.f4 Nf6 5.Nf3 O-O 6.Bd3 Nc6 7.O-O Bg4 8.Be3 e5
9.dxe5 dxe5 10.h3 Bxf3 11.Qxf3 exf4 12.Bxf4 Nd7 13.Qg3 Nce5 14.Rad1  1/2-1/2

[Event "48th XtraCon TCh-DEN 2009-10"]
[Site "Denmark DEN"]
[Date "2010.03.03"]
[Round "9"]
[White "Aagaard,J"]
[Black "Andreasen,P"]
[Result "1-0"]
[WhiteElo "2538"]
[BlackElo "2230"]

1.e4 g6 2.d4 Bg7 3.Nc3 d6 4.Be3 a6 5.f4 b5 6.Nf3 Bb7 7.Bd3 Nf6 8.e5 Nd5 9.Nxd5 Bxd5
10.Qe2 Nd7 11.O-O c5 12.dxc5 dxe5 13.c4 Bxc4 14.Bxc4 bxc4 15.Qxc4 exf4 16.Bxf4 O-O
17.Rad1 Bxb2 18.c6 Qb6+ 19.Kh1 Nf6 20.Rb1  1-0

[Event "81st ch-GER"]
[Site "Bad Liebenzell GER"]
[Date "2010.03.09"]
[Round "5"]
[White "Ritscher,JP"]
[Black "Prusikin,M"]
[Result "1/2-1/2"]
[WhiteElo "2316"]
[BlackElo "2542"]

1.e4 g6 2.d4 Bg7 3.Nc3 d6 4.h3 Nf6 5.Be3 O-O 6.g3 e5 7.Nge2 exd4 8.Bxd4 b6
9.Bg2 Bb7 10.O-O Re8 11.Nd5 Nxd5 12.exd5 Ba6 13.Bxg7 Kxg7 14.Re1 Qf6 15.c3 Nd7
16.Nf4 Re5 17.Rxe5 Nxe5 18.Qa4 Bc8 19.Re1 a5 20.Qd1 Bd7 21.Nd3 Re8 22.Nxe5 Rxe5
23.Rxe5 dxe5 24.h4 Qd6 25.Qe2 f5 26.Qe3 h6 27.b3 Bb5 28.c4 Bd7 29.f4 exf4
30.gxf4 Qc5 31.Qxc5 bxc5 32.Kf2 Kf6 33.Kg3 Be8 34.a4 g5 35.Bf3 Bd7 36.Bg2 g4
37.Bh1  1/2-1/2

[Event "ch-BUL U20 Girls"]
[Site "Sofia BUL"]
[Date "2010.03.10"]
[Round "4"]
[White "Krumova,A"]
[Black "Venkova,P"]
[Result "1-0"]
[WhiteElo "1905"]
[BlackElo "1818"]

1.e4 d6 2.Nc3 g6 3.d4 Bg7 4.Be3 Nd7 5.Bd3 Ngf6 6.f3 O-O 7.Nge2 a6 8.O-O e5
9.a4 b6 10.h3 Bb7 11.Qe1 Re8 12.Qh4 exd4 13.Nxd4 Nh5 14.Qf2 Nhf6 15.Rae1 c5
16.Nde2 d5 17.exd5 Nxd5 18.Nxd5 Bxd5 19.c3 Ra7 20.Rd1 Bb3 21.Ra1 Qe7 22.Bf4 c4
23.Be4 Nc5 24.Ng3 Be5 25.Bxe5 Qxe5 26.a5 b5 27.Rfe1 Qc7 28.h4 Rd8 29.h5 Nd3
30.Bxd3 cxd3 31.Ne4 Raa8 32.Nd2 Bc2 33.h6 Re8 34.Qd4 f5 35.Kf2 Rab8 36.Rxe8+ Rxe8
37.Re1 Rxe1 38.Kxe1 Qe7+ 39.Kf2 Qe2+ 40.Kg3 Qe1+ 41.Kh2 Qe7 42.Kh3 Qf8 43.Qe3 Qc8
44.Kh4 Qd8+ 45.Kg3 Qc7+ 46.Qf4 Qe7 47.b4 Qe1+ 48.Kh2 Qe7 49.Kh3 Kf7 50.Qd4  1-0

[Event "ch-BUL U20 Girls"]
[Site "Sofia BUL"]
[Date "2010.03.12"]
[Round "6"]
[White "Vladimirova,M"]
[Black "Venkova,P"]
[Result "1-0"]
[WhiteElo "2038"]
[BlackElo "1818"]

1.e4 d6 2.d4 g6 3.Nc3 Bg7 4.h3 Nd7 5.Nf3 a6 6.a4 b6 7.Bc4 e6 8.Bg5 Ne7 9.Qd2 O-O
10.Bh6 Bb7 11.Bxg7 Kxg7 12.h4 d5 13.Bd3 b5 14.h5 Ng8 15.hxg6 h6 16.gxf7 Rxf7
17.e5 c5 18.axb5 axb5 19.Rxa8 Qxa8 20.Bxb5 Qa7 21.Bxd7 Rxd7 22.dxc5 Qxc5
23.Qd4 Qa5 24.Qg4+ Kf8 25.Nd4 Re7 26.Nxe6+ Kf7 27.Qg7+ Kxe6 28.Qxg8+ Kxe5
29.O-O Kd6 30.Qf8  1-0

[Event "ITT Benko Club Argentino"]
[Site "Buenos Aires ARG"]
[Date "2010.03.13"]
[Round "7"]
[White "Bueno,Alfe"]
[Black "Ginzburg,Ma"]
[Result "0-1"]
[WhiteElo "2349"]
[BlackElo "2400"]

1.e4 g6 2.d4 Bg7 3.Nc3 d6 4.Nf3 Nf6 5.h3 O-O 6.Be3 Nc6 7.Bb5 a6 8.Bxc6 bxc6
9.Qd2 Bb7 10.Bh6 c5 11.Bxg7 Kxg7 12.dxc5 Bxe4 13.Nxe4 Nxe4 14.Qd4+ Nf6 15.O-O-O e5
16.Qb4 e4 17.Ng5 d5 18.Qd4 Re8 19.h4 Qe7 20.Rhe1 Qe5 21.g3 Qxd4 22.Rxd4 h6
23.Nh3 c6 24.c4 dxc4 25.Rxc4 a5 26.Nf4 Rab8 27.Ng2 Re5 28.Rd1 Rf5 29.Rd2 Rb5
30.Rdc2 Ng4 31.Nf4 e3 32.f3 Ne5 33.Re4 Nxf3 34.Nd3 Nd2 35.Rxe3 Nf1 36.Re7 Nxg3
37.Rg2 Rf1+ 38.Kd2 Nf5 39.Rc7 Nxh4 40.Rg4 Nf5 41.Rxc6 h5 42.Rg2 Rb8 43.Ra6 h4
44.Ke2 Rh1 45.Kf3 h3 46.Rd2 Re8 47.c6 Re3+ 48.Kf4 h2 49.Rf2 Rxd3  0-1

[Event "TCh-FIN 2009-10"]
[Site "Finland FIN"]
[Date "2010.03.20"]
[Round "8"]
[White "Sorsa,N"]
[Black "Niemi,M"]
[Result "0-1"]
[WhiteElo "2223"]
[BlackElo "2238"]

1.e4 g6 2.d4 Bg7 3.Nc3 d6 4.Bg5 Nd7 5.Qd2 a6 6.a4 b6 7.Bc4 Bb7 8.f3 h6 9.Be3 e6
10.Nge2 Ne7 11.O-O Nf6 12.Bd3 Nc6 13.Nd1 Qe7 14.c3 d5 15.e5 Nd7 16.b4 Nd8
17.Nf2 c5 18.bxc5 bxc5 19.Ng4 h5 20.Bg5 Qf8 21.Ne3 Bh6 22.f4 Nc6 23.Bh4 Rb8
24.Rfb1 Qg7 25.Bg5 O-O 26.Kf2 Bxg5 27.fxg5 Ncxe5 28.dxe5 Qxe5 29.Nf1 f6 30.Qe3 fxg5+
31.Kg1 Rxf1+  0-1

[Event "TCh-FIN 2009-10"]
[Site "Finland FIN"]
[Date "2010.03.21"]
[Round "9"]
[White "Jarvinen,R"]
[Black "Taipale,R"]
[Result "1-0"]
[WhiteElo "2067"]
[BlackElo "1858"]

1.Nc3 g6 2.d4 Bg7 3.e4 d6 4.f4 e6 5.Nf3 Ne7 6.Bd3 a6 7.O-O h6 8.Ne2 b5 9.Be3 Nd7
10.g4 Nb6 11.Ng3 Nc4 12.Bc1 e5 13.dxe5 dxe5 14.f5 Qd6 15.Qe2 Qc6 16.a4 Rb8
17.axb5 axb5 18.b3 Nd6 19.h4 Rg8 20.Nh2 gxf5 21.Nxf5 Nexf5 22.exf5 Bb7 23.Rf3 Qc5+
24.Be3 Qc3 25.Bxb5+ Kf8 26.Rff1 Nxb5 27.f6 Bxf6 28.Bxh6+ Bg7 29.Qf2 Qd4 30.Be3 Qd5
31.Nf3 Qe6 32.Ng5 Qxg4+ 33.Kh2 f6 34.Rg1 Qd7 35.Rad1 Nd6 36.c4 Qf5 37.Qe2 Rh8
38.h5 Bh6 39.Rdf1 Qd7 40.Rxf6+ Ke8 41.Bc5 Bxg5 42.Rxg5 Bc6 43.Qxe5+ Kd8 44.Rxd6 cxd6
45.Qxh8+ Kc7 46.Qf6 dxc5 47.Rg7 Rxb3 48.Qe5+ Kc8 49.Rxd7 Kxd7 50.Qxc5  1-0

[Event "26th Budapest Spring Festival"]
[Site "Budapest HUN"]
[Date "2010.03.22"]
[Round "3"]
[White "Boguszlavszkij,J"]
[Black "Katona,Jo3"]
[Result "1-0"]
[WhiteElo "2281"]
[BlackElo "1934"]

1.e4 g6 2.d4 Bg7 3.Nc3 d6 4.Bf4 Nd7 5.Nf3 c5 6.dxc5 Nxc5 7.e5 Ne6 8.Bg3 Nh6
9.exd6 Nf5 10.Bb5+ Bd7 11.dxe7 Nxe7 12.Bxd7+ Qxd7 13.Qxd7+ Kxd7 14.O-O-O+ Ke8
15.Nb5 Nf5 16.Rhe1 Kf8 17.Nc7 Nxc7 18.Bxc7 Bf6 19.Rd7 Re8 20.Be5 Bxe5 21.Rxe5 Kg7
22.Rxb7 Rxe5 23.Nxe5 Kf6 24.f4 Nd6 25.Rxa7 Ke6 26.Ra6  1-0